| 000 | 01077nam a22002177a 4500 | ||
|---|---|---|---|
| 008 | 240923t2024 xxk|||||o|||| 00| 0 eng d | ||
| 041 | _aeng | ||
| 110 | _aRoyal Institution of Chartered Surveyors | ||
| 245 |
_aUse of social media: _bguidance for RICS members _h[electronic publication] |
||
| 260 |
_aLondon, _bRoyal Institution of Chartered Surveyors, _cSeptember 2024 |
||
| 300 | _a3p. | ||
| 490 | _aRICS Regulation | ||
| 520 | _aEffective from 1 September 2024. This guidance helps RICS members and regulated firms understand how the Rules of Conduct apply to the use of social media, and what RICS will take into account when concerns about social media use are reported. | ||
| 520 | _aReplaces Version 1 that was in effect from 30 June 2021 to end of August 2024 | ||
| 650 | _aMARKETING | ||
| 650 | _aSOCIAL MEDIA | ||
| 651 | _aInternational | ||
| 710 | _aRoyal Institution of Chartered Surveyors | ||
| 856 |
_uhttps://www.rics.org/content/dam/ricsglobal/documents/regulation/Use-of-social-media-guidance_Sept2024.pdf _zAvailable free on RICS.org |
||
| 942 | _n0 | ||
| 999 |
_c122003 _d122003 |
||